[Event "Moscow Aeroflot op-A"]
[Site "Moscow"]
[Date "2003.02.14"]
[Round "4"]
[White "Inarkiev, Ernesto"]
[Black "Roiz, Michael"]
[Result "1/2-1/2"]
[WhiteElo "2566"]
[BlackElo "2512"]
[Annotator "Roiz,M"]
[PlyCount "36"]
[EventDate "2003.02.10"]
[EventType "swiss"]
[EventRounds "9"]
[EventCountry "RUS"]
[SourceTitle "CBM 094"]
[Source "ChessBase"]
[SourceDate "2003.05.26"]
[SourceVersion "1"]
[SourceVersionDate "2003.05.26"]
[SourceQuality "1"]

1. e4 c5 2. Nf3 Nc6 3. Nc3 {This move is a good way to avoid long theoretic
lines in B33} e5 4. Bc4 d6 5. d3 Be7 6. Nd2 (6. O-O Nf6 7. Ng5 O-O 8. f4 {
is another popular line.}) 6... Nf6 ({The alternative is:} 6... Bg5 7. h4 Bh6 (
7... Bxd2+ 8. Bxd2 Nf6 9. Bg5 (9. Nd5 Nxd5 10. Bxd5 Qe7 (10... Be6 $5) 11. f4
exf4 12. Bxf4 Ne5 13. O-O Be6 14. Bxe6 Qxe6 15. h5 h6 16. c3 f6 17. d4 cxd4 18.
cxd4 Nf7 19. Qa4+ Qd7 $11 {1-0 Shirov,A-Huzman,A/EUCup final 14th 1999}) 9...
h6 (9... Be6 $5 10. Nd5 Bxd5 11. Bxd5 h6 12. Bxf6 Qxf6 13. Qd2 (13. c3 O-O 14.
Qd2 Ne7 $1 15. Bxb7 Rab8 16. Bd5 Nxd5 17. exd5 Rb7 18. h5 Rfb8 19. b3 a5 $44 {
1/2-1/2 Smirin,I-Khalifman,A/RUS-The World rapid 2002}) 13... Ne7 14. Bc4 O-O
15. Kf1 Rad8 $11 {[%cal Gd6d5] 1/2-1/2 Ponomariov,R-Shirov,A/Linares SuperGM
2002}) 10. Bxf6 Qxf6 11. Nd5 Qd8 12. Ne3 Be6 13. Bxe6 fxe6 14. Qh5+ Kd7 15. c3
Rf8 16. a3 Qf6 17. Qe2 Rf7 18. b4 b6 $11 {1/2-1/2 Kasparov,G-Leko,P/RUS-The
World rapid 2002}) 8. Qh5 (8. g4 Bf4 9. Nd5 Nge7 10. Nxf4 exf4 11. Bb5 O-O 12.
Bxc6 Nxc6 13. Nb3 d5 $1 14. Bxf4 dxe4 15. dxe4 Qf6 $36 {0-1 Kupreichik,
V-Kramnik,V/Moscow ol (Men) 1994}) 8... g6 9. Qd1 Nf6 10. Nf1 (10. h5 Bg4 (
10... Nd4 $5 11. hxg6 hxg6 12. Nb3 {1-0 Shirov,A-Lautier,J/ESP-chT Salamanca
1998} Bg7 $5 13. Rxh8+ Bxh8 14. Bg5 Ne6) 11. f3 Bd7 12. Bd5 Nxh5 13. Nc4 Bf8
14. g4 Nf4 15. Bxf4 exf4 16. Qd2 Ne5 $13 {0-1 Fedorov,A-Morozevich,A/
Chebanenco mem 1st 1998}) 10... Bxc1 11. Qxc1 Be6 12. Ne3 Qd7 (12... Ne7 $5 {
[%csl Rd5]}) 13. Ned5 Bxd5 14. Nxd5 Nxd5 15. Bxd5 O-O-O 16. c3 f5 17. Qe3 Ne7
18. Bb3 $14 {1-0 Kasparov,G-Sutovsky,E/ISR-Kasparov handicap 1998}) 7. Nf1 Bg4
{This is the main move.Black is trying to provoke f2-f3 and to use some
weakness of black squares.} ({The alternatives are:} 7... Nd7 8. Nd5 (8. Ne3
Nb6 9. O-O Bg5 10. Ned5 Bxc1 11. Qxc1 Nxc4 12. dxc4 O-O 13. Ne2 Be6 14. Qd2 (
14. c3 $5 f5) 14... a6 15. a4 Nd4 16. a5 Bxd5 17. cxd5 f5 $11 {1/2-1/2 Mamedov,
N-Krasenkow,M/EU-ch 3rd Batumi 2002}) 8... Nb6 9. Nxb6 axb6 10. c3 O-O 11. Ne3
Bg5 12. O-O Kh8 (12... Be6 $5 13. Bb3) 13. Bd2 Bxe3 {0-1 Anand,V-Ivanchuk,V/
FIDE-Wch k.o 2001} 14. fxe3) (7... Na5 8. Ne3 Nxc4 9. dxc4 O-O 10. Qf3 g6 11.
g4 Be6 12. h4 Qd7 13. Rg1 Kh8 14. a4 Rg8 15. b3 Raf8 16. Bb2 h5 17. g5 $16 {
1-0 Kasparov,G-Piket,J/Zuerich Kortschnoj-A 2001}) (7... O-O 8. Ne3 Nd4 (8...
Be6 9. O-O Rb8 10. Kh1 Nd4 11. a4 a6 12. Ba2 Kh8 13. Bd2 b6 14. Ncd5 Nxd5 15.
Bxd5 Qd7 16. c3 Nc6 17. Qh5 $14 {1-0 Adams,M-Paramos Dominguez,R/ESP-chT Cala
Galdana 2001}) 9. O-O Be6 10. a4 Rb8 11. Ncd5 Nxd5 12. Nxd5 Bg5 13. Be3 h6 14.
Kh1 Kh8 15. c3 Nc6 16. Qh5 g6 17. Qe2 Kg7 18. g3 $14 {[%cal Gf2f4] 1-0 Adams,
M-Rabiega,R/Fujitsu Siemens Masters 2000}) 8. Qd2 $6 {Unsuccessful idea.The
queen is not in place here,and black can immedeately use this fact.} (8. f3
$142 Be6 9. Ne3 O-O 10. O-O {The practice shows,that white has good chanses
for getting opening advantage here.} Nd7 (10... a6 11. a4 Nb4 {[%cal Gd6d5]}
12. Qe2 Rb8 13. Bd2 Nh5 14. g3 Bg5 15. Rf2 Nc6 16. Raf1 Nd4 17. Qd1 $14 {
1-0 Golubev,M-Parligras,M/Budapest ROM 2001}) (10... Nd4 11. a4 h6 12. Bd2 Nh5
13. Ncd5 {[%csl Gd5]} Bg5 14. b4 cxb4 15. Bxb4 Nf4 16. Kh1 Rc8 17. Ra2 Nc6 18.
Rb2 b6 19. Ba3 Na5 20. Ba6 $14 {[%csl Ra5,Gd5,Rd6] 1-0 Yakovich,Y-Kovalevskaya,
E/Rostov op 1993}) (10... Ne8 11. Ncd5 Bg5 {[%cal Ge8c7]} 12. f4 $1 exf4 13.
Nxf4 Bxf4 14. Rxf4 Nc7 15. Qh5 {[%csl Rd5][%cal Yh5d5]} g6 16. Qh6 f6 17. Bxe6+
Nxe6 18. Rf2 $14 {[%csl Rd5,Rd6,Rf6][%cal Ge3d5] 1/2-1/2 Baklan,V-Reinderman,D/
EU-ch 2nd Ohrid 2001}) 11. Ned5 Nb6 12. Nxb6 Qxb6 13. Nd5 Bxd5 14. Bxd5 $14 {
1-0 Kasparov,G-Babula,V/Prague 2001}) 8... Nd7 $1 $146 {[%cal Ye7g5][%mdl 8]
This is a refutation of whites previous move.} (8... a6 9. a3 b5 10. Ba2 b4 $6
(10... Nd7 $1) 11. axb4 Nxb4 12. Bc4 Be6 13. Ne3 O-O 14. O-O $14 {[%csl Ra6,
Rd5] 1-0 Hector,J-Ahlander,B/SWE-ch Skara 2002}) 9. Nd5 (9. Ne3 Bg5 {[%csl Rd2]
[%cal Gd7b6]}) 9... Nb6 10. Nxb6 (10. Nxe7 Qxe7 (10... Nxe7 $2 11. Qg5 $1) 11.
Ne3 Be6 12. O-O O-O $11 {[%cal Ga8d8,Gd6d5]}) 10... axb6 (10... Qxb6 11. c3 O-O
12. Qc2 {[%cal Gf1e3]}) 11. c3 {Now it is clear that white has got nothing-it
will take too much time to improve the position of Qc2.} (11. Ne3 Bg5 12. O-O
Be6 (12... O-O $4 13. f4 $1) 13. Qc3 Nd4 $15 {[%cal Gd4e2]}) 11... O-O 12. Qc2
Be6 13. Ne3 Bg5 14. Nd5 (14. O-O Bxe3 15. Bxe3 d5 16. exd5 Bxd5 $15) 14... Bxc1
15. Qxc1 Ne7 (15... Na5 $5 16. O-O (16. Bb5 f5) 16... Nxc4 17. dxc4 Bxd5 18.
cxd5 f5 $11) 16. Nxe7+ Qxe7 17. Qc2 Qd7 18. Bxe6 Qxe6 $11 (18... Qxe6 19. b3 (
19. c4 b5 20. O-O b4 21. a4 $1 bxa3 22. bxa3 $11 {[%cal Gf1b1]}) 19... b5 20.
O-O Ra3 $15 {[%csl Ra2][%cal Gf8a8]}) 1/2-1/2

[Event "EU-Cup 16th"]
[Site "Neum"]
[Date "2000.09.26"]
[Round "3.3"]
[White "Rozentalis, Eduardas"]
[Black "Shariyazdanov, Andrey"]
[Result "1-0"]
[WhiteElo "2570"]
[BlackElo "2582"]
[Annotator "Rozentalis,E"]
[PlyCount "121"]
[EventDate "2000.09.24"]
[EventType "team-swiss"]
[EventRounds "7"]
[EventCountry "BIH"]
[SourceTitle "CBM 080"]
[Source "ChessBase"]
[SourceDate "2001.01.25"]
[SourceVersion "1"]
[SourceVersionDate "2001.01.25"]
[SourceQuality "1"]
[WhiteTeam "Warsaw Polonia"]
[BlackTeam "Zagreb Zrinjevac"]
[WhiteTeamCountry "POL"]
[BlackTeamCountry "CRO"]

1. e4 c5 2. Nf3 Nc6 3. Bb5 e6 4. Bxc6 bxc6 5. O-O Ne7 6. d3 Ng6 7. Ng5 Be7 (
7... f6) 8. Qh5 e5 9. f4 Bxg5 10. fxg5 d6 11. Be3 O-O 12. Nd2 Be6 13. Rf2 $146
(13. b3) (13. h3) 13... f5 $1 (13... Qd7 14. h3 $36) 14. gxf6 Rxf6 15. Rxf6 (
15. Bg5 Rxf2 16. Bxd8 (16. Kxf2 Qb6) 16... Rxg2+ $17) 15... Qxf6 16. Rf1 Qe7 (
16... Nf4 17. Bxf4 exf4 18. b3 Qc3 19. Nf3 $16) 17. b3 Rf8 18. Rxf8+ Nxf8 19.
Nf3 $14 Qd7 20. h3 Bf7 21. Qh4 Ne6 22. Qg4 Be8 23. c3 Nf8 24. Qg3 Bf7 25. Kh2
Bg6 26. Nh4 Qf7 27. Qf3 Qe7 (27... Qxf3 28. gxf3) 28. Qg4 Qd7 29. Qxd7 Nxd7 30.
Kg3 Kf7 31. Kf3 a6 32. g4 h6 33. c4 Kf6 34. Bd2 Bh7 35. Ba5 d5 36. Bc7 (36.
Bd8+ $142 Kf7 (36... Ke6 37. Nf5) 37. Bc7) 36... Nf8 37. Bd8+ Kf7 38. Bb6 dxe4+
39. dxe4 Ne6 40. Nf5 Ng5+ $2 (40... Nd4+ $1 41. Ke3 Nxf5+ 42. exf5 g6 43. fxg6+
Bxg6 44. Bxc5 Bb1 45. Kd2 Be4 46. Be3 Bg2 47. h4 Bf3 48. g5 hxg5 49. hxg5 Be4
50. Kc3 Ke6 51. Kb4 Bb1 $11) 41. Ke3 Nxh3 42. Bxc5 Ng5 43. b4 h5 (43... Ne6 44.
Bd6 Kf6 45. a4 $18) (43... g6 44. Nxh6+ Kg7 45. Be7 $1 $18) 44. Nd6+ (44. gxh5
$2 Nxe4 45. Kxe4 Ke6 $11) 44... Ke6 45. gxh5 Kd7 46. a4 Ne6 (46... Bg8 47. a5
Ne6 48. Nf5 Bf7 49. Nxg7 $1 Nxg7 50. h6) 47. Nf7 $18 a5 48. Nxe5+ Kc7 49. Be7
axb4 50. Bxb4 c5 51. Bc3 Bg8 52. a5 Kb7 53. Kf3 Ka6 54. Kg4 Nd4 55. Nd3 Nb3 56.
Nb2 Bh7 57. Kf4 g5+ 58. Ke3 g4 59. e5 g3 60. Kf3 Nc1 61. Be1 1-0

[Event "Amsterdam Euwe Memorial"]
[Site "Amsterdam"]
[Date "1991.??.??"]
[Round "4"]
[White "Kasparov, Garry"]
[Black "Salov, Valery"]
[Result "1/2-1/2"]
[WhiteElo "2800"]
[BlackElo "2645"]
[Annotator "Salov,V"]
[PlyCount "75"]
[EventDate "1991.05.??"]
[EventType "tourn"]
[EventRounds "9"]
[EventCountry "NED"]
[EventCategory "16"]
[SourceTitle "CBM 023"]
[Source "ChessBase"]
[SourceDate "1991.08.01"]
[SourceVersion "1"]
[SourceVersionDate "1991.08.01"]
[SourceQuality "1"]

1. e4 {Blatny,P} c5 2. Nf3 Nc6 3. Bb5 e6 4. O-O Nge7 5. c3 d5 (5... a6 6. Ba4
d5 7. exd5 Qxd5 8. d4 Bd7 9. Re1 Rd8 $6 10. c4 $1 Qxc4 11. Nbd2 $44 {Spassky,B
- Timman,J, Amsterdam(m/1)1977}) 6. exd5 Qxd5 7. Re1 $1 {TN} (7. d4 cxd4 8. c4
Qd6 9. Nxd4 Bd7 10. Nxc6 Nxc6 11. Nc3 a6 12. Ba4 Qxd1 13. Rxd1 Ne5 $10 {
Timman-Sveshnikov,Wijk aan Zee 1981}) 7... Bd7 8. Na3 Ng6 (8... Nf5 $2 9. Bf1
Be7 $2 10. Nb5 Rc8 11. c4 $18) (8... a6 $6 {Blatny,P} 9. Nc4 $1 Nc8 (9... axb5
10. Nb6 Qd6 11. Nxa8 Na5 12. d4 c4 13. b4 cxb3 14. axb3 $18) 10. Bxc6 Bxc6 11.
Nce5 Be7 12. c4 Qd6 13. Nxc6 Qxc6 14. Ne5 Qc7 15. Qa4+ Kf8 16. d4 $16 {
Kaidanov-Petrienko,Minsk 1986}) 9. Bf1 Be7 10. d4 $1 cxd4 11. Nb5 Rc8 (11...
O-O-O 12. cxd4 $13) 12. Nfxd4 Nxd4 13. Nxd4 a6 (13... e5 14. Nb5 $16) 14. g3 b5
$4 (14... e5 $2 15. Nf5 $1 Qxd1 16. Nxg7+ Kf8 17. Rxd1 Bg4 18. Bh6 Kg8 19. Rd2
Bf8 20. h3 $18) (14... Qd6 $5 15. Nf5 Qxd1 16. Nxg7+ Kf8 17. Rxd1 Bc6 18. Bh6
Kg8 19. Nh5 Bf3 $13) (14... Qc5 $5) 15. Bg2 $4 (15. a4 $1 Bf6 (15... bxa4 16.
Bxa6 Rb8 17. c4 $1 $16) 16. Nxe6 $1 Qxd1 17. Nxg7+ Kd8 (17... Kf8 18. Rxd1 Bg4
19. f3 $1 $18) 18. Rxd1 Bxg7 19. axb5 axb5 20. Bxb5 Rc7 21. Bg5+ $18) 15... Qc5
{Now Black is back in the game. Oof!} 16. h4 Bf6 $8 17. Be3 Qc7 18. Nf5 (18. h5
Ne7 19. h6 O-O 20. hxg7 Bxg7 21. Qh5 e5 $132) 18... O-O 19. Nd6 Rcd8 $8 20. Nb7
Rc8 $8 21. Nd6 (21. Nc5 Bc6 22. Nxa6 Qb7 $44) 21... Rcd8 22. Nb7 Rc8 23. h5 $1
{Does he really want to win?} Ne5 $8 (23... Bc6 $2 24. Bxc6 Qxc6 25. Na5 Qc7
26. hxg6 Qxa5 27. gxf7+ Rxf7 28. Qd6 $16 {Kindly proposed by the world
champion in the post-mortem.}) 24. Bf4 Bc6 25. Bxc6 Qxc6 26. Bxe5 Bxe5 27. Rxe5
Qxb7 28. h6 Qe7 $8 (28... g6 $2 29. Qd4 Rc4 30. Rxb5 $1 $18) (28... Rfd8 $6 29.
Qg4 g6 30. Qg5 Qf3 31. Rc5 $1 $16) 29. hxg7 Rfd8 30. Qe2 (30. Qf3 {Blatny,P}
Rd2 31. Kg2 Rc5 32. Rxc5 Qxc5 33. Rh1) 30... Rc5 $1 $10 31. a4 Rxe5 32. Qxe5
bxa4 33. Qe4 Qc5 34. Rxa4 a5 (34... Rd1+ 35. Kg2 Qh5 36. Qa8+ Kxg7 37. Rh4 Qd5+
$10) 35. Qe2 Qg5 36. Rf4 Rd7 37. Qf3 Qd5 38. Qxd5 1/2-1/2

[Event "Cappelle op 21st"]
[Site "Cappelle la Grande"]
[Date "2005.02.12"]
[Round "1"]
[White "Seret, Jean Luc"]
[Black "Perunovic, Milos"]
[Result "1-0"]
[WhiteElo "2359"]
[BlackElo "2564"]
[Annotator "Seret,JL"]
[PlyCount "74"]
[EventDate "2005.02.12"]
[EventType "swiss"]
[EventRounds "9"]
[EventCountry "FRA"]
[SourceTitle "EXT 2006"]
[Source "ChessBase"]
[SourceDate "2005.11.24"]
[SourceVersion "1"]
[SourceVersionDate "2005.11.24"]
[SourceQuality "1"]

1. e4 c5 2. Nf3 Nc6 3. Bb5 Nf6 4. e5 Nd5 5. Nc3 Nc7 6. Bxc6 dxc6 7. d3 (7. h3
Bf5 8. d3 e6 9. Bg5 Be7 10. Bxe7 Qxe7 11. Qd2 O-O 12. O-O-O Rad8 13. g4 Bg6 14.
h4 f5 15. h5 Be8 16. g5 c4 17. Qe2 cxd3 18. Rxd3 Rxd3 19. Qxd3 Nd5 20. Nxd5
cxd5 21. g6 hxg6 22. hxg6 Bxg6 23. Rg1 Bh5 24. Ng5 Bg4 25. Rxg4 {1-0 (25)
Kobalia,M (2643)-Tregubov,P (2628) playchess.com INT 2004}) 7... g6 8. Be3 b6
9. Qd2 Bg4 10. Ng5 h6 11. Nge4 Bg7 12. f4 $146 (12. h3 Be6 13. f4 f6 14. O-O-O
fxe5 15. fxe5 Nd5 16. Rhe1 Qc7 17. d4 Nxe3 18. Qxe3 cxd4 19. Qxd4 Rd8 20. Qf2
Rxd1+ 21. Rxd1 Qxe5 22. Re1 Bf7 23. Qd2 O-O 24. Nf2 Qd6 25. Nd3 Bc4 26. a3 Bxd3
27. cxd3 Kh7 28. Kc2 Bd4 29. Re2 e5 30. Ne4 Qe6 31. Qb4 c5 32. Qa4 Rf7 33. Qb3
Qd7 34. a4 Kg7 35. Qc4 Rf1 36. Kb3 Ra1 37. Rd2 Kf8 38. Re2 Ke7 39. Nc3 Qe6 40.
Nb5 a6 41. Nc7 Qxc4+ {Huba,M (2130)-Mrva,M (2400) Hlohovec 1995 0-1 (61)})
12... Qd7 13. h3 Be6 14. O-O-O O-O-O 15. Bxc5 bxc5 16. Nxc5 Qd4 17. N3e4 Rd5
18. Qa5 g5 19. Qxa7 gxf4 20. c3 Qxe5 21. d4 Qf5 22. Rhe1 f3 23. gxf3 $2 (23.
Qb7+ Kd8 24. Qb8+ Bc8 25. Nb7+ Kd7 (25... Ke8 26. Ned6+ $18) 26. Nec5+ Ke8 (
26... Rxc5 27. dxc5+ Nd5 28. Rxe7+ Kxe7 29. Qd6+ Ke8 30. Qd8#) 27. Qxc7 $18)
23... h5 24. Kb1 Rxc5 25. dxc5 Bd5 26. Ka1 Qxf3 $2 (26... Be5 $142 $15 {
[%cal Ge5c7]}) (26... Rd8 $142 27. Rd3 Qxh3 (27... Be5 $17) 28. Red1 Rg8 29.
Nd6+ exd6 30. cxd6 Qd7 31. Rxd5 cxd5 32. dxc7 Qxc7 33. Qa8+ Qb8 34. Qc6+ Qc7
$11) (26... Bxe4 $15) 27. Nd2 $2 (27. Nd6+ $1 exd6 28. cxd6 Ne6 29. Rf1 Qe2 30.
Rde1 $18 Qc4 31. Rxf7 Qxa2+ 32. Qxa2 Bxa2 33. Kxa2) 27... Qf6 28. Rf1 $2 (28.
Re4 $1 {[%cal Ge4b4,Gb4b8]} Bxe4 29. Nc4 (29. Nxe4 $2 {[%cal Ge4f6]} Qf3 $19 {
[%cal Gf3d1,Gf3e4]}) 29... Rd8 30. Nb6#) 28... Qh4 29. c4 Be6 30. Qb6 Qd4 31.
Rf3 Bxc4 32. Ra3 Bb5 33. Rb1 Qxd2 34. Ra7 Be5 35. a4 Bxb2+ 36. Rxb2 Qc1+ 37.
Ka2 Bc4+ {Black loses on time} 1-0

[Event "USA-ch Gr-B"]
[Site "Denver"]
[Date "1998.11.03"]
[Round "4"]
[White "Benjamin, Joel"]
[Black "Shaked, Tal"]
[Result "1-0"]
[WhiteElo "2595"]
[BlackElo "2490"]
[Annotator "Smirin,I"]
[PlyCount "51"]
[EventDate "1998.10.31"]
[EventType "tourn"]
[EventRounds "7"]
[EventCountry "USA"]
[EventCategory "13"]
[SourceTitle "CBM 068"]
[Source "ChessBase"]
[SourceDate "1999.02.01"]
[SourceVersion "1"]
[SourceVersionDate "1999.02.01"]
[SourceQuality "1"]

1. e4 c5 2. Nf3 Nc6 3. Bb5 e6 4. O-O Nge7 5. Re1 Ng6 6. c3 d5 (6... a6 7. Bxc6
dxc6 8. e5 Be7 $6 (8... c4 $8 $132) 9. c4 $1 $16 {[%csl Rc5,Rc6,Rc8]} Qd3 10.
b3 O-O 11. Nc3 Rd8 12. Re3 {Chernyshov,K-Nun,J/Ceske Budejovice op 1997 1:0 
(32)}) 7. Qa4 $1 {Strong continuation.Other moves don't promise anything
special to white.} (7. exd5 Qxd5 8. d4 cxd4 9. c4 Qd6 10. Nxd4 Bd7 11. Be3 Qc7
12. Nc3 Be7 (12... Bd6 $5 13. Qh5 O-O 14. Ne4 (14. Bxc6 Bxc6 (14... bxc6 15.
Ne4 $14) 15. Ncb5 Bxb5 16. Nxb5 Qa5 $1 17. Qf3 Be5 $13) 14... Nxd4 15. Bxd4
Bxb5 16. cxb5 Be7 17. Ng5 Bxg5 18. Qxg5 Rfd8 19. Qe3 Qc4 20. Bxa7 Qxb5 $11 {
1/2-1/2 Glek,I-Portisch,L/Biel SKA 1996 (27)}) 13. Nxc6 bxc6 14. Ba4 {[%cal
Gc3e4,Yc4c5]} f5 $5 15. f3 O-O 16. Qe2 Bd6 $132 {Horvath,S-Glek,I/Vlissingen
HZ-op 1997/0-1 (42)}) 7... Qd6 8. exd5 Qxd5 9. d4 cxd4 10. cxd4 $1 $16 {
Now white develops an initiative very quickly because of vulnerable position
of blacks queen and "cenralized" king.} Be7 11. Nc3 Qd6 12. h4 $1 {[%csl Rg6]
[%cal Gh4h5]} Bd7 ({Also after} 12... O-O 13. h5 Nh8 14. h6 g6 15. d5 $1 {
black can not be satisficed by his position} exd5 16. Bf4 Qc5 17. Nxd5 Qxd5 18.
Bxc6 Qxc6 19. Qxc6 bxc6 20. Rxe7 $18 {[%csl Rh8]}) 13. h5 Nf8 14. d5 Nb4 (14...
exd5 15. Bf4 Qc5 16. Rad1 $40) 15. Ne5 a6 {Nothing changes} (15... Nxd5 16.
Nxd5 Qxd5 17. Nxd7 Nxd7 18. Rd1 $18) 16. Bxd7+ Nxd7 {[%tqu "En","","","",
"e5f7","",10]} 17. Nxf7 $1 $18 Kxf7 18. dxe6+ Kf8 19. exd7 Rd8 20. Bg5 $1 {
easiest} Bxg5 21. Re8+ Kf7 22. Qb3+ Nd5 23. Rxh8 Rxh8 24. Nxd5 Qxd7 25. Nc7+
Kf6 26. Qf3+ {[%cal Re1d1,Ga1e1]} 1-0

[Event "Excelsior Cup"]
[Site "Gothenburg"]
[Date "1999.01.08"]
[Round "2"]
[White "Rytshagov, Mikhail"]
[Black "Ziegler, Ari"]
[Result "1-0"]
[WhiteElo "2533"]
[BlackElo "2402"]
[Annotator "Smirin,I"]
[PlyCount "47"]
[EventDate "1999.01.07"]
[EventType "tourn"]
[EventRounds "9"]
[EventCountry "SWE"]
[EventCategory "10"]
[SourceTitle "CBM 069"]
[Source "ChessBase"]
[SourceDate "1999.04.01"]
[SourceVersion "1"]
[SourceVersionDate "1999.04.01"]
[SourceQuality "1"]

1. e4 c5 2. Nf3 Nc6 3. Nc3 Nf6 4. Bb5 e5 5. Bxc6 dxc6 6. Nxe5 Nxe4 7. Nxe4 Qd5
8. O-O Qxe5 9. d3 (9. Re1 $5 Be6 $6 (9... Be7 10. d3 (10. d4 cxd4 11. Bg5 O-O
12. Nf6+ Bxf6 13. Rxe5 Bxe5 14. Qd2 (14. Qe2 $5 f6 (14... Bd6 15. Rd1 c5 16. c3
$14) 15. Qc4+ Kh8 16. Re1 Bf5 $44) 14... Bf5 15. h3 Rae8 16. Bf4 c5 $11 {
0-1 Jansa,V-Tomczak,R/BL9091 1991 (61)}) 10... O-O 11. Ng5 Qc7 12. Qf3 h6 13.
Bf4 Qd8 14. Ne4 Be6 15. Qg3 Kh7 16. Be5 Rg8 17. Rad1 $36 {1/2-1/2 Galego,
L-Murrey,J/Cappelle op 1993 (25)}) 10. d3 O-O-O 11. Ng5 Qf5 12. Nxe6 fxe6 13.
Qe2 {[%csl Re6]} Re8 14. a4 $5 Bd6 15. a5 $16 {[%cal Ga1a4,Ga4e4] Brajovic,
R-Knezevic,B/JUG-chT 1995/1-0 (50)}) 9... Be7 10. Bd2 O-O 11. Bc3 Qf5 (11...
Qd5 $142 $5 {[%cal Gc5c4]} 12. Qf3 {[%cal Gf3g3]} Bf5 13. Qg3 Bg6 14. f4 f6 15.
b3 $13) 12. Qe2 Qg6 13. f4 Bd7 14. Qf2 $14 {[%csl Rc5][%cal Gf4f5,Gf5f6,Ge4c5]}
Qf5 $8 15. Rae1 Rfe8 16. Ng3 Qd5 17. Re5 $1 Qd6 18. Ne4 Qc7 19. Qg3 f6 {
[%tqu "En","","","","f4f5","",10,"e4f6","",0]} 20. f5 $1 $18 {[%csl Rc7][%cal
Ge5e7] It looks much stronger than simple} (20. Nxf6+ $5 Bxf6 21. Rxe8+ Rxe8
22. Bxf6 Bf5 23. Be5 $16) 20... Qb8 ({Nothing changes} 20... Rac8 21. Rxe7 Rxe7
22. Nxf6+ Kf7 23. Qg5 $1 {[%cal Rf6d5,Rf6h7,Rf6d7]} h6 24. Qg6+ Kf8 25. Nxd7+
Rxd7 26. Qh7 $18) 21. Rxe7 Rxe7 22. Nxf6+ Kh8 (22... Kf7 23. Qg5 $18) 23. Qh4
h6 24. Ng4 1-0

[Event "VAM Hoogeveen 2nd"]
[Site "Hoogeveen"]
[Date "1998.10.21"]
[Round "3"]
[White "Timman, Jan H"]
[Black "Shaked, Tal"]
[Result "1-0"]
[WhiteElo "2655"]
[BlackElo "2490"]
[Annotator "Smirin,I"]
[PlyCount "77"]
[EventDate "1998.10.18"]
[EventType "tourn"]
[EventRounds "6"]
[EventCountry "NED"]
[EventCategory "14"]
[SourceTitle "EXT 1999"]
[Source "ChessBase"]
[SourceDate "1998.11.16"]
[SourceVersion "1"]
[SourceVersionDate "1998.11.16"]
[SourceQuality "1"]

1. e4 c5 2. Nf3 Nc6 3. Bb5 e6 4. O-O Nge7 5. c3 a6 (5... d5 6. e5 Bd7 7. Re1
Nf5 8. Bf1 Be7 9. d3 O-O 10. g3 f6 11. exf6 Bxf6 $132 {Morozevich,A-Sveshnikov,
E/RUS-ch 1995 (38) 1:0}) (5... Qb6 6. Na3 Ng6 7. Re1 Be7 8. Bf1 {[%cal Ga3c4]}
d5 9. exd5 exd5 10. d4 O-O 11. Nc2 {[%cal Gd4c5]} c4 12. Ne3 Be6 13. g3 Qd8 $13
{Sepp,O-Svidler,P/Rostov op 1993/0-1 (66)}) 6. Be2 (6. Ba4 $5) 6... d5 7. exd5
({Nothing promises} 7. d3 $6 Ng6 8. Re1 Be7 9. Na3 O-O $11 {Kolar,S-Obsivac,J/
Moravia-ch op 1994/0-1 (43)}) 7... Nxd5 8. d4 cxd4 9. Nxd4 Bd7 10. Bf3 Nxd4 11.
Qxd4 Bc6 12. Nd2 {[%cal Gd2c4,Gc4e5]} Qc7 13. Nc4 b5 ({Deserved attention more
natural} 13... Rd8 $5 {[%cal Gc6b5]} 14. Rd1 (14. Ne5 $2 Nb4 15. Qf4 Bd6 $17)
14... f6 {preventing entering knight to e5 and trying to develope kingside} 15.
Qg4 Kf7 $14) 14. Qe5 O-O-O 15. Qxc7+ Kxc7 16. Ne5 Be8 17. c4 $14 {White stands
slightly better due to unsaved position of black king,but black has good
chances to equalize : his centralized knight looks very strong.} bxc4 18. Nxc4
Bb5 19. b3 Bb4 20. Bb2 f6 21. a3 Bc5 22. Rfc1 $1 Kb8 ({Attempt to begin
tactical complications} 22... Nf4 $5 {[%cal Gf4d3] fails after} 23. Ne5 $1 Kb6
24. Nf7 Rd2 25. Rxc5 Kxc5 26. Bc3 Rdd8 (26... Rhd8 27. Ba5 $1 $18 {[%cal Ga1c1]
}) 27. Ba5 $16 {^^}) 23. Ne5 Rc8 24. a4 Be8 25. Nd3 Bd6 26. Bd4 $14 {[%cal
Gd3c5] Now black can't prevent intering white knight to c5 and white gets
advantage of pair of bishops.} Bg6 27. Nc5 Bxc5 28. Bxc5 Rc6 29. b4 Rhc8 {
[%cal Ga6a5]} 30. a5 Bd3 31. Re1 Rd8 32. Rad1 $16 Bb5 33. h4 {Taking a space
advantage on kingside} Kc8 34. Rd4 Rd7 $2 {Losing a pawn.Also after} (34... Ba4
35. Rde4 e5 36. R4e2 $16 {[%cal Ge2d2] black finds himself in troubles}) 35.
Rde4 Nc7 (35... e5 $2 36. Bg4 $18) 36. R4e3 $18 Nd5 $8 37. Rxe6 Rxe6 38. Rxe6
Nf4 39. Re4 {[%cal Rf3g4]} 1-0